| 000 | 00339nam a2200121Ia 4500 | ||
|---|---|---|---|
| 008 | 190216s9999||||xx |||||||||||||| ||und|| | ||
| 100 | _aAssociation Of Indian University Author | ||
| 245 | 0 | _aQuestion Bank Chemistry | |
| 260 |
_bAssociation Of Indian Universities _c1987 |
||
| 300 | _a769p | ||
| 650 | _aChemistry-Chemistry | ||
| 942 | _cREF | ||
| 999 |
_c35954 _d35954 |
||